Introduction to Corrosion of Metals/ (Record no. 192453)

MARC details
000 -LEADER
fixed length control field 00586nam a22001817a 4500
005 - DATE AND TIME OF LATEST TRANSACTION
control field 20220922112610.0
010 ## - LCCN (DPL NO)
LC control number ENG-135180
020 ## - INTERNATIONAL STANDARD BOOK NUMBER
Terms of availability 125.00
International Standard Book Number 9789387871021
035 ## - SYSTEM CONTROL NUMBER
System control number EN-118712
037 ## - SOURCE OF ACQUISITION
Source of stock number/acquisition DBAD/PUB
082 ## - DEWEY DECIMAL CLASSIFICATION NUMBER
Classification number 230.1
100 ## - MAIN ENTRY--PERSONAL NAME
Personal name Gowrani, T.
245 ## - TITLE STATEMENT
Title Introduction to Corrosion of Metals/
Statement of responsibility, etc by T. Gowrani.
260 ## - PUBLICATION, DISTRIBUTION, ETC. (IMPRINT)
Place of publication, distribution, etc Tamil Nadu
Name of publisher, distributor, etc Shanlax Publications
Date of publication, distribution, etc 2018
270 ## - ADDRESS
Address 61,66 T.P.K. Main Road Vasant Nagar
City Madurai
Postal code 625003
Telephone number 7639303383
Electronic mail address publisher@shanlaxpublications.com
300 ## - PHYSICAL DESCRIPTION
Extent 47p.
Dimensions 22cm.(pbk)
942 ## - ADDED ENTRY ELEMENTS (KOHA)
Item type English Books
Classification part 546.6
Source of classification or shelving scheme Dewey Decimal Classification
Call number suffix GOW
Holdings
Withdrawn status Lost status Not for loan Collection code Home library Current library Date acquired Source of acquisition Cost, normal purchase price Full call number Barcode Copy number Cost, replacement price Koha item type
      Non-fiction D.B.Act.Division Mobile Library 22/09/2022 DBAD/PUB 125.00 546.6 GOW EN-118712 1 125.00 English Books

© Delhi Public Library
Hit Counter
free hit counter